UBT Library

Virtual clincal excursions fundamentals of nursing; (Record no. 1618)

000 -LEADER
fixed length control field 00350nam a22001217a 4500
008 - FIXED-LENGTH DATA ELEMENTS--GENERAL INFORMATION
fixed length control field 160426b xxu||||| |||| 00| 0 eng d
020 ## - INTERNATIONAL STANDARD BOOK NUMBER
International Standard Book Number 9780721697659
020 ## - INTERNATIONAL STANDARD BOOK NUMBER
International Standard Book Number 0721697658
041 ## - LANGUAGE CODE
Language code of text/sound track or separate title eng
080 ## - UNIVERSAL DECIMAL CLASSIFICATION NUMBER
Universal Decimal Classification number 618.2
245 ## - TITLE STATEMENT
Title Virtual clincal excursions fundamentals of nursing;
Statement of responsibility, etc Helen Harkreader; Marita T. Peppard; Micheal Kelly;
942 ## - ADDED ENTRY ELEMENTS (KOHA)
Source of classification or shelving scheme
Item type Books
Holdings
Withdrawn status Lost status Source of classification or shelving scheme Damaged status Not for loan Collection code Permanent location Current location Shelving location Date acquired Total Checkouts Full call number Barcode Date last seen Price effective from Koha item type
          Koleksioni i përgjithshem UBT - Lipjan UBT - Lipjan Koleksioni i përgjithshem 04/26/2016   618.2 HAR 002-027954 01/05/2017 04/26/2016 Books
UBT Library © 2015-2024. All rights reserved University Education for Business and Technology